000 00264nam a22000977a 4500
041 _aeng
080 _a80
100 _aАмосова, Н. Н.
245 _aЕтомологічні основи словарного складу суч. англ. м
999 _c280508
_d280508
942 _cBK